The Moon and planets (Record no. 3948)

MARC details
000 -LEADER
fixed length control field 00786nam a2200241Ia 4500
003 - CONTROL NUMBER IDENTIFIER
control field IN-BaIIA
008 - FIXED-LENGTH DATA ELEMENTS--GENERAL INFORMATION
fixed length control field 211028s9999 xx 000 0 eng d
020 ## - INTERNATIONAL STANDARD BOOK NUMBER
International Standard Book Number 0-7204-0228-X
040 ## - CATALOGING SOURCE
Transcribing agency IIA Library
080 ## - UNIVERSAL DECIMAL CLASSIFICATION NUMBER
Universal Decimal Classification number 523.34
Item number THE
110 ## - MAIN ENTRY--CORPORATE NAME
Corporate name or jurisdiction name as entry element NATO
9 (RLIN) 6419
111 ## - MAIN ENTRY--MEETING NAME
Meeting name or jurisdiction name as entry element NATO Advanced Study Institute
Location of meeting Newcastle upon Tyne, England
Date of meeting or treaty signing 1970
9 (RLIN) 7000
245 #4 - TITLE STATEMENT
Title The Moon and planets
Remainder of title proceedings of NATO advanced study institute
Statement of responsibility, etc. edited by S. K. Runcorn and D. W. Collinson
260 ## - PUBLICATION, DISTRIBUTION, ETC.
Place of publication, distribution, etc. Amsterdam
Name of publisher, distributor, etc. North-Holland
Date of publication, distribution, etc. 1971
300 ## - PHYSICAL DESCRIPTION
Extent [various pagings.]
650 ## - SUBJECT ADDED ENTRY--TOPICAL TERM
Topical term or geographic name entry element Astronomy and Astrophysics Thesaurus
650 ## - SUBJECT ADDED ENTRY--TOPICAL TERM
Topical term or geographic name entry element Moon
650 ## - SUBJECT ADDED ENTRY--TOPICAL TERM
Topical term or geographic name entry element Planetary systems
9 (RLIN) 965
650 ## - SUBJECT ADDED ENTRY--TOPICAL TERM
Topical term or geographic name entry element Planets
9 (RLIN) 971
700 ## - ADDED ENTRY--PERSONAL NAME
Personal name Collinson, D. W., ed.
9 (RLIN) 7001
700 ## - ADDED ENTRY--PERSONAL NAME
Personal name Runcorn, S. K ., ed.
9 (RLIN) 4292
942 ## - ADDED ENTRY ELEMENTS (KOHA)
Koha item type Books
Holdings
Withdrawn status Lost status Damaged status Not for loan Home library Current library Shelving location Date acquired Cost, normal purchase price Total Checkouts Full call number Barcode Date last seen Cost, replacement price Price effective from Koha item type Purchase Price
        IIA Library-Bangalore IIA Library-Bangalore General Stacks 08/08/1972 74.52   523.34/ THE 4410 05/11/2021 74.52 08/08/1972 Books Rs. 74.52

Powered by Koha